[Event "POL-chT DMP Ekstraliga 2019"]
[Site "Katowice"]
[Date "2019.09.03"]
[Round "7.18"]
[White "Socko, Monika"]
[Black "Zawadzka, Jolanta"]
[Result "1-0"]
[WhiteElo "2423"]
[BlackElo "2403"]
[Annotator "NA"]
[PlyCount "75"]
[EventDate "2019.08.28"]
[EventType "team-tourn"]
[EventCountry "POL"]
[SourceTitle "playchess.com"]
[Source "ChessBase"]
[SourceQuality "1"]
[TimeControl "40/5400+30:1800+30"]

1. c4 {[%emt 0:00:00]} e6 {[%emt 0:00:00]} 2. Nf3 {[%emt 0:00:00]} d5 {[%emt 0:00:00]} 3. g3 {[%emt 0:00:04]} Nf6 {[%emt 0:00:30]} 4. Bg2 {[%emt 0:00:05]} Be7 {[%emt 0:00:25]} 5. d4 {[%emt 0:00:20]} O-O {[%emt 0:00:15]} 6. O-O {[%emt 0:00:09]} c6 {[%emt 0:00:05]} 7. Nc3 {[%emt 0:00:29]} b6 {[%emt 0:00:55]} 8. Ne5 {[%emt 0:00:18]} Bb7 {[%emt 0:04:01]} 9. e4 {[%emt 0:01:14]} dxe4 {[%emt 0:27:11]} 10. Nxe4 {[%emt 0:03:30]} Nfd7 {[%emt 0:00:17]} 11. Be3 {[%emt 0:17:58]} f5 {[%emt 0:05:25]} 12. Nc3 {[%emt 0:01:56]} Nxe5 {[%emt 0:01:50]} 13. dxe5 {[%emt 0:00:03]} Qc8 {[%emt 0:07:24]} 14. c5 {[%emt 0:11:58]} Nd7 {[%emt 0:08:19]} 15. cxb6 {[%emt 0:05:03]} Nxe5 {[%emt 0:07:19]} 16. bxa7 {[%emt 0:03:55]} c5 {[%emt 0:01:00]} 17. Bxb7 {[%emt 0:10:04]} Qxb7 {[%emt 0:00:05]} 18. Qb3 {[%emt 0:01:47]} Qc6 {[%emt 0:00:42]} 19. Qb5 {[%emt 0:07:08]} Rxa7 {[%emt 0:01:11]} 20. Qxc6 {[%emt 0:05:23]} Nxc6 {[%emt 0:00:02]} 21. Nb5 {[%emt 0:00:11]} Rb7 {[%emt 0:03:05]} 22. a4 {[%emt 0:01:48]} Na5 {[%emt 0:02:58]} 23. Rac1 {[%emt 0:01:26]} Ra8 {[%emt 0:04:03]} 24. Rfd1 {[%emt 0:03:07]} Bf6 {[%emt 0:06:09]} 25. Rxc5 {[%emt 0:01:48]} Bxb2 {[%emt 0:04:47]} 26. Nc7 {[%emt 0:01:27]} Rc8 {[%emt 0:00:44]} 27. Nxe6 {[%emt 0:00:57]} Rxc5 {[%emt 0:00:28]} 28. Nxc5 {[%emt 0:00:30]} Re7 {[%emt 0:03:45]} 29. Rd8+ {[%emt 0:01:26]} Kf7 {[%emt 0:00:06]} 30. Rd5 {[%emt 0:00:07]} Nc4 {[%emt 0:01:44]} 31. Rxf5+ {[%emt 0:03:17]} Kg6 {[%emt 0:00:09]} 32. Rg5+ {[%emt 0:01:07]} Kf6 {[%emt 0:00:10]} 33. Bf4 {[%emt 0:01:35]} Ra7 {[%emt 0:06:01]} 34. Rd5 {[%emt 0:04:25]} Ba3 {[%emt 0:00:21]} 35. Rd4 {[%emt 0:02:03]} Nb2 {[%emt 0:01:26]} 36. Ne4+ {[%emt 0:00:05]} Kf5 {[%emt 0:00:55]} 37. Nc3 {[%emt 0:01:50]} h6 {[%emt 0:02:42]} 38. Nb5 {[%emt 0:00:47]} 1-0

[Event "POL-chT DMP Ekstraliga 2019"]
[Site "Katowice"]
[Date "2019.09.03"]
[Round "7.19"]
[White "Piorun, Kacper"]
[Black "Huschenbeth, Niclas"]
[Result "0-1"]
[WhiteElo "2660"]
[BlackElo "2620"]
[Annotator "TA"]
[PlyCount "36"]
[EventDate "2019.08.28"]
[EventType "team-tourn"]
[EventCountry "POL"]
[SourceTitle "playchess.com"]
[Source "ChessBase"]
[SourceQuality "1"]

{[%evp 13,74,12,20,16,15,14,14,15,7,3,46,34,35,0,29,-2,25,28,18,18,26,0,0,-79,-62,-84,-87,-93,-88,-101,-85,-92,-56,-82,-82,-80,-82,-121,-77,-109,-72,-71,-78,-189,-191,-271,-247,-329,-338,-338,-322,-331,-324,-300,-274,-489,-485,-450,-381,-1587,-1443,-954,-894]} 1. e4 e5 2. Nf3 Nc6 3. Bb5 a6 4. Ba4 Nf6 5. O-O Bc5 6. d3 d6 7. c3 O-O 8. Nbd2 {C78: Ruy Lopez: Archangelsk and Möller Defences} b5 (8... Ba7 9. h3 Ne7 10. d4 Ng6 11. Bc2 c5 12. dxe5 dxe5 13. Nc4 Qc7 14. Bg5 Be6 15. Ne3 {1-0 (42) Bosiocic,M (2599)-Wang,H (2730) St Petersburg 2018}) 9. Bc2 Be6 10. h3 {The position is equal.} h6 11. Re1 Re8 12. Nf1 d5 13. exd5 $146 ({Predecessor:} 13. Bd2 Bf8 14. Ng3 a5 15. Qe2 dxe4 16. Nxe4 Nxe4 17. Qxe4 {0-1 (29) Kochetkova,J (2320)-Aleksandrov,A (2615) Minsk 2015}) 13... Qxd5 14. Ng3 Rad8 15. b4 Bb6 16. a4 Qd6 17. axb5 axb5 18. Nh4 (18. Bd2 $11) 18... Nd4 {Played: Nc6xb4} 0-1

[Event "POL-chT DMP Ekstraliga 2019"]
[Site "Katowice"]
[Date "2019.09.03"]
[Round "7.20"]
[White "Hracek, Zbynek"]
[Black "Bluebaum, Matthias"]
[Result "0-1"]
[WhiteElo "2572"]
[BlackElo "2631"]
[Annotator "TA"]
[PlyCount "56"]
[EventDate "2019.08.28"]
[EventType "team-tourn"]
[EventCountry "POL"]
[SourceTitle "playchess.com"]
[Source "ChessBase"]
[SourceQuality "1"]

{[%evp 11,56,8,13,9,15,15,14,-22,-9,-23,-18,-47,-28,-34,-15,-10,-28,-45,-41,-100,-78,-100,-97,-86,-94,-120,-123,-117,-118,-154,-156,-316,-306,-322,-246,-460,-464,-455,-419,-450,-454,-419,-441,-571,-552,-488,-415]} 1. e4 c6 2. d4 d5 3. e5 Bf5 4. Nf3 e6 5. Be2 Ne7 6. O-O c5 7. Na3 {B12: Caro-Kann: Advance Variation} (7. c4 Nbc6 8. dxc5 dxc4 9. Bxc4 Ng6 10. Be3 Be7 11. Nc3 O-O 12. Be2 Qb8 13. Nd2 Rd8 14. f4 Nb4 15. Rc1 b6 {1-0 (42) Harikrishna,P (2729)-Mamedyarov,S (2817) Kolkata 2018}) 7... Nec6 8. c4 Be4 9. Bg5 {The position is equal.} Be7 $1 {[%cal Re7g5]} 10. Bxe7 Qxe7 11. Nb5 O-O 12. dxc5 Na6 13. cxd5 Bxd5 14. Rc1 $146 ({Predecessor:} 14. a3 Rad8 {1-0 (50) Pogonina,N (2473)-Gunina,V (2510) Loo 2013}) 14... Nxc5 15. Nd6 {[#]} (15. Nfd4 $15) 15... Nxe5 $1 {[%mdl 512]} 16. Nf5 (16. Nxe5 Qxd6) 16... Qf6 {...Bxf3 is the strong threat.} ({Of course not} 16... exf5 $6 17. Qxd5 Nxf3+ 18. Bxf3 $11) 17. Nxe5 {Black must now prevent Ne3.} Qxf5 18. f4 Qe4 {[%csl Gd5][%cal Re4g2]} 19. Rf2 Rac8 20. Qd2 Qa4 $36 {[%mdl 2048] Black has strong initiative.} 21. Qc3 $2 (21. b3 $17 Qa3 22. Nc4) 21... f6 $19 ({Not} 21... Qxa2 22. b4 $15) 22. Ng4 Qxa2 {[#] And now ...Ne4 would win.} 23. Ne3 $2 (23. Rff1) 23... Ne4 24. Qxc8 Rxc8 25. Rxc8+ Kf7 26. Rc7+ Kf8 27. Rf1 Qxb2 28. Rc8+ Ke7 {Accuracy: White = 39%, Black = 90%.} 0-1

[Event "POL-chT DMP Ekstraliga 2019"]
[Site "Katowice"]
[Date "2019.09.03"]
[Round "7.21"]
[White "Janik, Igor"]
[Black "Markowski, Tomasz"]
[Result "1-0"]
[WhiteElo "2470"]
[BlackElo "2554"]
[Annotator "RC"]
[PlyCount "87"]
[EventDate "2019.08.28"]
[EventType "team-tourn"]
[EventCountry "POL"]
[SourceTitle "playchess.com"]
[Source "ChessBase"]
[SourceQuality "1"]
[TimeControl "40/5400+30:1800+30"]

1. e4 {[%emt 0:00:00]} c5 {[%emt 0:00:00]} 2. Nf3 {[%emt 0:00:00]} e6 {[%emt 0:00:00]} 3. g3 {[%emt 0:00:04]} b6 {[%emt 0:01:06]} 4. Bg2 {[%emt 0:00:10]} Bb7 {[%emt 0:00:05]} 5. d3 {[%emt 0:00:28]} d6 {[%emt 0:00:14]} 6. O-O {[%emt 0:00:20]} Nd7 {[%emt 0:00:02]} 7. b3 {[%emt 0:02:29]} Ngf6 {[%emt 0:00:32]} 8. Bb2 {[%emt 0:00:11]} Be7 {[%emt 0:00:29]} 9. Nbd2 {[%emt 0:00:48]} O-O {[%emt 0:00:18]} 10. Qe2 {[%emt 0:00:50]} Qc7 {[%emt 0:09:47]} 11. h4 {[%emt 0:04:04]} d5 {[%emt 0:08:48]} 12. e5 {[%emt 0:00:49]} Ne8 {[%emt 0:01:31]} 13. h5 {[%emt 0:04:43]} Qd8 {[%emt 0:06:22]} 14. h6 {[%emt 0:04:04]} g6 {[%emt 0:00:08]} 15. Nh2 {[%emt 0:00:16]} Nc7 {[%emt 0:00:39]} 16. Ng4 {[%emt 0:04:40]} b5 {[%emt 0:00:27]} 17. c4 {[%emt 0:08:11]} a5 {[%emt 0:01:21]} 18. d4 {[%emt 0:12:38]} bxc4 {[%emt 0:04:01]} 19. bxc4 {[%emt 0:01:18]} Ba6 {[%emt 0:03:31]} 20. dxc5 {[%emt 0:08:03]} Bxc5 {[%emt 0:00:55]} 21. Rfc1 {[%emt 0:01:46]} Rb8 {[%emt 0:01:56]} 22. Bc3 {[%emt 0:01:09]} dxc4 {[%emt 0:06:07]} 23. Ne4 {[%emt 0:02:19]} Nd5 {[%emt 0:01:35]} 24. Nxc5 {[%emt 0:03:36]} Nxc3 {[%emt 0:01:05]} 25. Rxc3 {[%emt 0:02:43]} Nxc5 {[%emt 0:00:23]} 26. Qe3 {[%emt 0:02:05]} Qe7 {[%emt 0:02:11]} 27. Bf1 {[%emt 0:01:03]} Rfc8 {[%emt 0:04:51]} 28. Rac1 {[%emt 0:01:10]} Na4 {[%emt 0:00:52]} 29. R3c2 {[%emt 0:01:53]} Nb6 {[%emt 0:05:01]} 30. Qd2 {[%emt 0:02:57]} Rc5 {[%emt 0:05:45]} 31. Rb1 {[%emt 0:10:06]} Kh8 {[%emt 0:05:39]} 32. Qf4 {[%emt 0:01:36]} Rb7 {[%emt 0:06:05]} 33. Rcb2 {[%emt 0:02:45]} Nd5 {[%emt 0:01:49]} 34. Rxb7 {[%emt 0:01:07]} Bxb7 {[%emt 0:00:01]} 35. Qd4 {[%emt 0:00:13]} Rc8 {[%emt 0:03:56]} 36. Bxc4 {[%emt 0:01:21]} Ba8 {[%emt 0:01:36]} 37. Bxd5 {[%emt 0:01:33]} Bxd5 {[%emt 0:00:08]} 38. Qf4 {[%emt 0:02:13]} g5 {[%emt 0:06:06]} 39. Qd2 {[%emt 0:00:41]} Be4 {[%emt 0:03:01]} 40. Rc1 {[%emt 0:00:00]} Rxc1+ {[%emt 0:00:00]} 41. Qxc1 {[%emt 0:02:58]} Qb7 {[%emt 0:05:38]} 42. a3 {[%emt 0:04:29]} Bh1 {[%emt 0:11:36]} 43. f3 {[%emt 0:02:10]} Bxf3 {[%emt 0:00:22]} 44. Qxg5 {[%emt 0:00:08]} 1-0

[Event "POL-chT DMP Ekstraliga 2019"]
[Site "Katowice"]
[Date "2019.09.03"]
[Round "7.22"]
[White "Nasuta, Grzegorz"]
[Black "Tomczak, Mikolaj"]
[Result "1/2-1/2"]
[WhiteElo "2540"]
[BlackElo "2432"]
[Annotator "TA"]
[PlyCount "24"]
[EventDate "2019.08.28"]
[EventType "team-tourn"]
[EventCountry "POL"]
[SourceTitle "playchess.com"]
[Source "ChessBase"]
[SourceQuality "1"]

{[%evp 14,24,12,15,9,0,0,0,0,0,0,0,0]} 1. e4 e6 2. d4 d5 3. e5 c5 4. c3 Nc6 5. Nf3 Qb6 6. Na3 cxd4 7. cxd4 Bd7 8. Nc2 {The position is equal.} Nb4 {C02: French: Advance Variation} (8... Rc8 9. Be2 Nb4 10. Ne3 Bb5 11. O-O Bxe2 12. Qxe2 Qa6 13. Qxa6 Nxa6 14. Bd2 Bb4 15. Rfc1 Ne7 16. Rxc8+ Nxc8 {½-½ (56) Predke,A (2622)-Riazantsev,A (2649) St Petersburg 2018}) 9. Bd2 Nxc2+ 10. Qxc2 Ne7 11. Be2 Bb5 $146 ({Predecessor:} 11... Nc6 12. Bc3 Bb4 13. O-O O-O 14. a3 Be7 15. Bd3 h6 16. Qd2 {1-0 (45) Hager,R-Branton,G ICCF email 2013}) 12. Qb3 Bxe2 1/2-1/2

[Event "POL-chT DMP Ekstraliga 2019"]
[Site "Katowice"]
[Date "2019.09.03"]
[Round "7.23"]
[White "Czerwonski, Aleksander"]
[Black "Jakubowski, Krzysztof"]
[Result "1/2-1/2"]
[WhiteElo "2365"]
[BlackElo "2509"]
[Annotator "TA"]
[PlyCount "31"]
[EventDate "2019.08.28"]
[EventType "team-tourn"]
[EventCountry "POL"]
[SourceTitle "playchess.com"]
[Source "ChessBase"]
[SourceQuality "1"]

{[%evp 16,28,7,8,18,13,21,11,43,44,47,50,39,12,41]} 1. d4 Nf6 2. c4 e6 3. Nf3 Bb4+ 4. Bd2 a5 5. Nc3 O-O 6. Qc2 d5 7. e3 b6 8. cxd5 exd5 9. Bd3 Bb7 {E11: Bogo-Indian} (9... Ba6 10. O-O Bxd3 11. Qxd3 Re8 12. Rac1 Nbd7 13. Rfd1 c6 14. Na4 Rc8 15. Qb3 Bd6 16. Rc2 Ne4 17. Nc3 {0-1 (28) Vovk,Y (2609)-Bernadskiy,V (2514) Kishinev 2017}) 10. O-O Nbd7 11. a3 Bxc3 12. Bxc3 Ne4 13. Nd2 {[%cal Rd2e4]} Ndf6 14. f3 Nxd2 {Predecessor:} 15. Bxd2 $146 Re8 16. Rfc1 {½-½ (16) Barlov,D (2410)-Martinovic,S (2460) Amsterdam 1984} 1/2-1/2

[Event "POL-chT DMP Ekstraliga 2019"]
[Site "Katowice"]
[Date "2019.09.03"]
[Round "7.24"]
[White "Buksa, Nataliya"]
[Black "Cyfka, Karina"]
[Result "1-0"]
[WhiteElo "2398"]
[BlackElo "2413"]
[Annotator "TA"]
[PlyCount "59"]
[EventDate "2019.08.28"]
[EventType "team-tourn"]
[EventCountry "POL"]
[SourceTitle "playchess.com"]
[Source "ChessBase"]
[SourceQuality "1"]

{[%evp 19,77,25,30,29,24,23,16,11,14,13,14,0,0,0,14,13,14,0,0,3,7,5,47,53,60,44,33,0,0,0,0,0,0,0,0,3,97,99,867,854,1252,1284,1263,1227,1089,676,683,676,660,470,464,461,619,646,737,700,1704,1336,5777,950]} 1. e4 e5 2. Nf3 Nf6 3. Nxe5 d6 4. Nf3 Nxe4 5. d4 d5 6. Bd3 Bd6 7. O-O O-O 8. c4 c6 9. Qc2 Na6 10. a3 Bg4 {...Bxf3 is the strong threat.} 11. Ne5 {C42: Petroff Defence: 3 Nxe5 and unusual White 3rd moves} Bxe5 (11... Bf5 12. b4 c5 13. cxd5 cxd4 14. Bxe4 Rc8 15. Nc6 Bxe4 16. Qxe4 bxc6 17. dxc6 Re8 18. Qf3 Qb6 {1-0 (60) Dominguez Perez,L (2739)-Liang,A (2590) Saint Louis 2019}) 12. dxe5 Nac5 13. f3 {[%mdl 64] Double Attack. The position is equal.} Nxd3 14. Qxd3 Nc5 15. Qd4 $1 {[%cal Rd4c5][%mdl 64] Double Attack} Nb3 16. Qxg4 {Hoping for Bh6!} Nxa1 {[#]} 17. Bh6 $1 {[%csl Gh6][%cal Rg4g7][%mdl 512]} g6 $1 18. Bxf8 Qxf8 19. cxd5 {aiming for d6.} cxd5 20. Nc3 $146 Nc2 21. Rf2 Qc5 22. Qd7 $36 {[%mdl 2048] Black is under pressure.} Qe3 23. f4 ({Of course not} 23. Qxd5 Qe1+ 24. Rf1 Qxf1+ 25. Kxf1 Ne3+ 26. Ke2 Nxd5 $17) 23... Qe1+ 24. Rf1 Qe3+ 25. Kh1 d4 $1 {[%cal Rd4c3]} 26. Qxb7 Rf8 $1 27. Ne4 d3 {[#]} (27... Qe2 $11 {remains equal.} 28. Rg1 d3) 28. e6 $1 $16 {[%cal Re6e7] Black must now prevent e7.} d2 $2 {[%mdl 8192]} (28... Qe2 $16 29. Rg1 d2 30. exf7+ Kg7) 29. e7 $18 {White is clearly winning.} Re8 {[#]} 30. Nf6+ {Played: Qb7-d7} 1-0

[Event "POL-chT DMP Ekstraliga 2019"]
[Site "Katowice"]
[Date "2019.09.03"]
[Round "7.25"]
[White "Heberla, Bartlomiej"]
[Black "Kempinski, Robert"]
[Result "1/2-1/2"]
[WhiteElo "2552"]
[BlackElo "2579"]
[Annotator "TA"]
[PlyCount "41"]
[EventDate "2019.08.28"]
[EventType "team-tourn"]
[EventCountry "POL"]
[SourceTitle "playchess.com"]
[Source "ChessBase"]
[SourceQuality "1"]

{[%evp 31,39,-27,-22,-27,-25,-21,-20,-33,-30,-26]} 1. e4 c5 2. Nf3 d6 3. d4 cxd4 4. Nxd4 Nf6 5. Nc3 a6 6. Be2 e6 7. O-O Be7 8. f4 O-O 9. Be3 Nc6 10. Qe1 Nxd4 11. Bxd4 b5 {[%cal Bb7b5,Bb5b4][%mdl 32]} 12. a3 Bb7 13. Qg3 g6 14. Bf3 a5 15. Rad1 b4 16. e5 Bxf3 17. Qxf3 {B85: Sicilian Scheveningen: 6 Be2 a6, lines with early Be3} bxc3 18. exf6 Bxf6 19. Qxc3 Bxd4+ 20. Qxd4 {[#]} {Predecessor:} d5 $146 21. Rf3 {½-½ (21) Kovalev,A (2531)-Kempinski,R (2600) Dresden 2011} 1/2-1/2

[Event "POL-chT DMP Ekstraliga 2019"]
[Site "Katowice"]
[Date "2019.09.03"]
[Round "7.26"]
[White "Shevchenko, Kirill"]
[Black "Maksimenko, Andrei"]
[Result "1-0"]
[WhiteElo "2541"]
[BlackElo "2462"]
[Annotator "TA"]
[PlyCount "82"]
[EventDate "2019.08.28"]
[EventType "team-tourn"]
[EventCountry "POL"]
[SourceTitle "playchess.com"]
[Source "ChessBase"]
[SourceQuality "1"]

{[%evp 11,82,29,25,30,28,23,32,32,42,33,56,35,42,37,31,36,43,37,48,16,25,20,29,9,18,15,49,43,55,31,89,93,90,69,74,68,70,69,75,75,82,78,100,105,93,91,118,114,160,160,160,159,147,133,358,344,489,439,584,518,859,585,934,926,997,963,6416,4012,12825,8397,8279,7026,5522]} 1. d4 d5 2. c4 dxc4 3. e3 e5 4. Bxc4 exd4 5. exd4 Bd6 6. Nf3 Nf6 7. Qe2+ {D20: Queen's Gambit Accepted: 3 e3 and 3 e4} Qe7 8. Qxe7+ Kxe7 9. O-O {White is slightly better.} Be6 10. Re1 {Strongly threatening d5.} Kd7 11. Ne5+ Bxe5 12. dxe5 {aiming for Bxe6+.} Bxc4 13. exf6 gxf6 {[#]} 14. b3 $146 ({Predecessor:} 14. Nc3 Nc6 {1-0 (48) Ivanchuk,V (2728)-Mamedov,N (2588) Izmir 2016}) 14... Be6 15. Nc3 Nc6 16. Ne4 Kc8 17. Nxf6 Nb4 {With the idea ...Nc2.} 18. Re4 Nd5 19. Nxd5 Bxd5 20. Re7 {Black must now prevent Bf4.} b6 (20... Rd8 $14) 21. Bf4 $36 {[%mdl 2048] White has strong initiative.} Kb7 22. Rc1 Rac8 23. Rcxc7+ Rxc7 24. Rxc7+ {[%mdl 4096] Endgame KRB-KRB} Ka6 25. f3 Be6 26. Kf2 Rc8 27. Rxc8 Bxc8 {KB-KB} 28. Kg3 Bf5 {[#]} 29. Kh4 $1 Bd3 30. Kg5 Kb5 31. Bb8 a5 32. Kf6 Bb1 $2 {[#]} (32... Bf1 $16) 33. a3 $1 $18 Ba2 (33... Bg6 $142 34. f4 Bc2) 34. Kg7 {White is clearly winning.} h5 35. h4 Bxb3 (35... Bb1 $142 36. Kxf7 Bf5) 36. Kh6 Bc4 37. Kxh5 Bf1 38. Kg5 Bxg2 39. f4 Kc6 40. h5 b5 41. h6 Kd5 {Accuracy: White = 84%, Black = 28%.} 1-0

[Event "POL-chT DMP Ekstraliga 2019"]
[Site "Katowice"]
[Date "2019.09.03"]
[Round "7.27"]
[White "Piesik, Piotr"]
[Black "Kriebel, Tadeas"]
[Result "1/2-1/2"]
[WhiteElo "2409"]
[BlackElo "2536"]
[Annotator "TA"]
[PlyCount "83"]
[EventDate "2019.08.28"]
[EventType "team-tourn"]
[EventCountry "POL"]
[SourceTitle "playchess.com"]
[Source "ChessBase"]
[SourceQuality "1"]

{[%evp 14,83,12,17,28,22,44,50,43,42,38,25,44,54,47,43,58,37,71,73,70,19,26,21,19,21,19,19,30,5,8,0,0,0,0,0,35,35,35,8,10,11,20,19,81,107,106,0,0,0,109,10,17,0,0,0,0,0,0,0,0,0,0,0,0,0,0,0,0,0,0,0]} 1. d4 Nf6 2. c4 e6 3. Nc3 Bb4 4. e3 O-O 5. Bd2 d5 6. Nf3 c5 7. a3 Bxc3 8. Bxc3 b6 {E51: Nimzo-Indian: Rubinstein: 4...0-0 5 Nf3 d5} (8... Ne4 9. Rc1 cxd4 10. Qxd4 Nxc3 11. Qxc3 dxc4 12. Bxc4 Nc6 13. O-O Bd7 14. Rfd1 Qe7 15. b4 a6 16. Nd2 {½-½ (28) Dreev,A (2662)-Arutinian,D (2555) Skopje 2019}) 9. Rc1 Ba6 $146 ({Predecessor:} 9... cxd4 10. Nxd4 Bb7 11. Nb5 Nc6 12. Bxf6 Qxf6 13. cxd5 exd5 14. Nd4 Rac8 15. Be2 Nxd4 16. Rxc8 Rxc8 17. exd4 {½-½ (42) Zoun,R-Bakker,J (1919) Rotterdam 2015}) 10. dxc5 bxc5 {White is slightly better.} 11. cxd5 Bxf1 12. Kxf1 {Threatens to win with dxe6.} exd5 13. Bxf6 Qxf6 14. Rxc5 Qxb2 15. Qc1 Qb6 16. g3 Nd7 17. Rc6 (17. Rxd5 $14 Qe6 18. Ra5) 17... Rac8 $11 {[%mdl 64] [#] Decoy} 18. Rxc8 Qa6+ {[%mdl 64] Double Attack} 19. Kg2 Rxc8 20. Qa1 Nb6 21. Nd4 {Black must now prevent Nf5.} Qd3 22. Rd1 Qe4+ 23. Kg1 Nc4 24. Qb1 $40 {[%mdl 128] White mounts an attack.} Nxa3 {[#]} 25. Qb7 $1 {[%mdl 512]} Re8 26. Ra1 Nc4 27. Rxa7 Nd6 28. Qc6 Qb1+ (28... Rc8 $11 29. Ra8 Rxa8 30. Qxa8+ Ne8) 29. Kg2 $16 Qe4+ 30. Kg1 Qb1+ 31. Kg2 Qe4+ 32. Nf3 ({Better is} 32. Kh3 $16 Re5 33. Ra8+ Re8 34. Ra5) 32... Nc4 $1 $11 {And now ...Qxf3+! would win.The position is equal.} 33. Ra8 Rf8 $1 {aiming for ...Qxf3+!} 34. Qc8 {[%csl Ga8][%cal Rc8f8]} Qe7 35. Nd4 {Strongly threatening Nf5.} (35. g4 {looks sharper.} Rxc8 36. Rxc8+ Qf8 37. Rxf8+ Kxf8 38. h3) 35... g6 36. Qxf8+ Qxf8 37. Rxf8+ Kxf8 {KN-KN} 38. Nc6 Ke8 39. Nb4 Nb6 40. Kf3 Kd7 41. Kf4 f6 42. h4 {Accuracy: White = 55%, Black = 56%.} 1/2-1/2

[Event "POL-chT DMP Ekstraliga 2019"]
[Site "Katowice"]
[Date "2019.09.03"]
[Round "7.28"]
[White "Simacek, Pavel"]
[Black "Simantsev, Mikhail"]
[Result "1-0"]
[WhiteElo "2486"]
[BlackElo "2346"]
[Annotator "TA"]
[PlyCount "137"]
[EventDate "2019.08.28"]
[EventType "team-tourn"]
[EventCountry "POL"]
[SourceTitle "playchess.com"]
[Source "ChessBase"]
[SourceQuality "1"]

{[%evp 23,137,0,6,-15,-12,-21,-13,-32,-12,-12,-15,-12,-7,-15,-8,-6,8,10,11,8,10,10,18,14,14,14,8,14,14,0,0,0,0,0,0,0,0,0,0,0,0,0,0,0,0,0,0,0,0,-7,0,0,0,0,26,26,26,-94,100,-68,-89,-123,239,226,224,237,236,234,244,240,241,240,250,225,264,265,222,217,454,451,442,428,424,413,405,397,383,234,245,238,247,0,686,354,6130,1966,29988,29989,29990,29991,29991,29992,29992,29992,29992,0,29992,29993,29993,29993,29993,29994,29994,29995,29995,29996]} 1. e4 e5 2. Nf3 Nc6 3. Bc4 Bc5 4. b4 Bxb4 5. c3 Be7 6. d4 Na5 7. Nxe5 Nxc4 8. Nxc4 d5 9. exd5 Qxd5 10. Ne3 Qd8 11. O-O Nf6 12. c4 O-O 13. Nc3 {C51: Evans Gambit: Declined and Accepted without 5...Ba5} (13. Bb2 Re8 14. Nd2 Bf8 15. Qf3 Nd7 16. Rfe1 Nb6 17. a4 c6 18. a5 Nd7 19. Bc3 Qf6 20. Ng4 Qxf3 21. Nxf3 {0-1 (29) Munoz Pantoja,M (2441)-Alekseev,E (2642) Berlin 2015}) 13... Re8 14. Bb2 c6 15. Re1 {The position is equal.} Be6 $146 ({Predecessor:} 15... Bb4 16. Qb3 Ba5 17. d5 Ne4 18. Rad1 Bxc3 19. Bxc3 Qh4 20. Qb2 Nxc3 21. Qxc3 Bd7 {0-1 (60) Muzychuk,A (2474)-Ruan,L (2370) Sochi 2007}) 16. d5 cxd5 17. Ncxd5 Nxd5 18. cxd5 Bd7 19. Qd3 Bf8 20. Ba3 Qa5 21. Bxf8 Rxf8 22. Qd4 Rfe8 23. h3 Rac8 24. Red1 Qa4 25. Qb2 b6 26. Rac1 h6 27. Rxc8 Rxc8 28. Rd4 Qa5 29. Re4 Kf8 30. Qe5 Qa3 31. Rf4 Qe7 32. Qb2 Qd6 33. Re4 b5 34. h4 a5 35. g3 b4 36. Qd2 Qf6 37. Nc4 Qf3 38. Re3 Qf6 39. Ne5 Qd6 40. Qd4 {[#]} (40. Nxd7+ $11 {remains equal.} Qxd7 41. d6) 40... Kg8 $2 (40... Bb5 $1 $17) 41. Re4 $2 (41. Nxd7 $16 Qxd7 42. d6) 41... Bb5 $1 $15 42. Rg4 f6 $2 {[%mdl 8192] [#]} (42... Rc1+ $17 {stays on course.} 43. Kh2 f6) 43. Rxg7+ $1 $18 {[%mdl 576] Decoy, Clearance} Kxg7 44. Qg4+ {[%mdl 64] Double Attack} Kf8 45. Qxc8+ Be8 46. Ng6+ $1 Kf7 47. Nf4 a4 48. Qf5 {Threatens to win with Qh7+.} Bd7 49. Qh7+ Ke8 50. Qxh6 {Strongly threatening Qg6+.} b3 $2 (50... Kd8 {is a better defense.} 51. Qh8+ Kc7) 51. axb3 a3 52. Qh8+ Qf8 53. Qh5+ Qf7 {White must now prevent ...Qxh5.} 54. Qe2+ Qe7 {And now ...Qxe2 would win.} 55. Qa6 Qe1+ 56. Kg2 Bf5 57. Qxf6 $2 (57. Qc6+ $18 Kf7 58. Qc7+ Kf8 59. Ne6+ {[%mdl 64] Decoy} Bxe6 60. Qd6+ (60. dxe6 Qxe6 61. Qb7 Qe7 $14) 60... Kg8 61. dxe6 Qe4+ 62. Kh2) 57... Be4+ $2 {[%mdl 8192]} (57... a2 $11 58. Qc6+ (58. Qxf5 a1=Q $11) 58... Kf7 59. Qb7+ Qe7) 58. Kh3 Qf1+ $2 (58... Bxd5 59. Qh8+ (59. Nxd5 Qh1+ 60. Kg4 Qd1+ 61. f3 Qxd5 $11) 59... Kd7) 59. Kg4 {Qc6+ would kill now.} a2 60. Qc6+ Kf7 61. Qd7+ Kf6 62. Qe6+ Kg7 63. Qe7+ Kh6 64. Qe6+ Kg7 {intending ...Bf3+.} 65. Nh5+ {White mates.} Kf8 66. Qf6+ Ke8 67. Ng7+ Kd7 68. Qc6+ Ke7 69. Qc7+ {Accuracy: White = 60%, Black = 64%.} 1-0